THE NATURE & PROPERTIES OF SOILS (Record no. 25835)

MARC details
000 -LEADER
fixed length control field 00315nam a22001457a 4500
003 - CONTROL NUMBER IDENTIFIER
control field SGT
020 ## - INTERNATIONAL STANDARD BOOK NUMBER
International Standard Book Number 9789356062719
082 ## - DEWEY DECIMAL CLASSIFICATION NUMBER
Classification number 624,WEL
100 ## - MAIN ENTRY--PERSONAL NAME
Personal name WELL,ROY R
245 ## - TITLE STATEMENT
Title THE NATURE & PROPERTIES OF SOILS
250 ## - EDITION STATEMENT
Edition statement 15TH
260 ## - PUBLICATION, DISTRIBUTION, ETC. (IMPRINT)
Place of publication, distribution, etc INDIA EDUCATION
Name of publisher, distributor, etc PEARSON
Year of Publication 2022
300 ## - PAGE DESCRIPTION
No. of Pages 1104
942 ## - ADDED ENTRY ELEMENTS (KOHA)
Source of classification or shelving scheme Dewey Decimal Classification
Koha item type Books
Holdings
Withdrawn status Lost status Source of classification or shelving scheme Damaged status Not for loan Collection code Home library Current library Shelving location Date acquired Vendor Name Cost, normal purchase price SGTU Bill Number Full call number Accession No. (Barcode) Date last seen Bill Date Koha item type Use restrictions
    Dewey Decimal Classification     ENGINEERING SGT Engineering Library SGT Engineering Library Text Book 21/03/2024 ABC PUBLISHERS & DISTRIBUTORS PVT. LTD. 1405.00 SGTU IN256 624,WEL FE8946 21/03/2024 06/03/2024 Books  
    Dewey Decimal Classification     ENGINEERING SGT Engineering Library SGT Engineering Library Text Book 21/03/2024 ABC PUBLISHERS & DISTRIBUTORS PVT. LTD. 1405.00 SGTU IN256 624,WEL FE8947 21/03/2024 06/03/2024 Books Restricted Access